00342nam a2200109Ia 450000500170000000800410001710000230005824501050008126000210018630000110020765000140021820260326235459.0260326s9999||||xx |||||||||||||| ||und|| aDemchinsky, Bryan  0aGrassroots, greystones & glass towers :b Montreal Urban issues and Architecture /cBryan Demchinsky bVéhicule Press a211 p. aURBANISMO